000 00358nam a22001457a 4500
005 20250625090516.0
008 250625b |||||||| |||| 00| 0 eng d
020 _a9780853646532
050 _aBS160
_b.4 KEN
100 _aHENOALL A. T.
245 _aJOHN AN EXPOSITION
260 _aLONDON
_bPATERNOSTER PRESS
_cc1995
300 _a268p
942 _2lcc
_cBK
_n0
999 _c6661
_d6661